|
|
|
|
| LEADER |
01544nam a2200409Ia 4500 |
| 001 |
EBC981867 |
| 003 |
MiAaPQ |
| 005 |
20200520144314.0 |
| 006 |
m o d | |
| 007 |
cr cn||||||||| |
| 008 |
111108s2012 enk sb 001 0 eng d |
| 010 |
|
|
|z 2011042693
|
| 020 |
|
|
|z 9780203121801
|
| 020 |
|
|
|z 9780415674324 (hardback)
|
| 035 |
|
|
|a (MiAaPQ)EBC981867
|
| 035 |
|
|
|a (Au-PeEL)EBL981867
|
| 035 |
|
|
|a (CaPaEBR)ebr10578121
|
| 035 |
|
|
|a (CaONFJC)MIL371466
|
| 035 |
|
|
|a (OCoLC)804662382
|
| 040 |
|
|
|a MiAaPQ
|c MiAaPQ
|d MiAaPQ
|
| 050 |
|
4 |
|a G155.B7
|b P26 2012
|
| 082 |
0 |
4 |
|a 338.4/79181
|2 23
|
| 245 |
0 |
0 |
|a Tourism in Brazil
|h [electronic resource] :
|b environment, management and segments /
|c edited by Gui Lohmann and Dianne Dredge.
|
| 250 |
|
|
|a 1st ed.
|
| 260 |
|
|
|a Milton Park, Abingdon, Oxon ;
|a New York :
|b Routledge,
|c 2012.
|
| 300 |
|
|
|a xxiv, 210 p.
|
| 490 |
1 |
|
|a Contemporary geographies of leisure, tourism and mobility
|
| 504 |
|
|
|a Includes bibliographical references and index.
|
| 533 |
|
|
|a Electronic reproduction. Ann Arbor, MI : ProQuest, 2015. Available via World Wide Web. Access may be limited to ProQuest affiliated libraries.
|
| 650 |
|
0 |
|a Tourism
|z Brazil.
|
| 651 |
|
0 |
|a Brazil
|x History.
|
| 655 |
|
4 |
|a Electronic books.
|
| 700 |
1 |
|
|a Palhares, Guilherme Lohmann.
|
| 700 |
1 |
|
|a Dredge, Dianne.
|
| 710 |
2 |
|
|a ProQuest (Firm)
|
| 830 |
|
0 |
|a Contemporary geographies of leisure, tourism, and mobility.
|
| 856 |
4 |
0 |
|u https://ebookcentral.proquest.com/lib/matrademy/detail.action?docID=981867
|z Click to View
|